Sports Quiz

Random Sports or Baseball Quiz

Opening Day Lineups: Cardinals Quiz Stats

 Plays Quiz Updated Apr 5, 2019

Score 0/261 Timer 15:00
6 Plays Today
Year Player % Correct
2004Albert Pujols
96.3%
2005Albert Pujols
96.3%
2006Albert Pujols
96.3%
2007Albert Pujols
96.3%
2008Albert Pujols
96.3%
2003Albert Pujols
94.8%
2002Albert Pujols
94.4%
2011Albert Pujols
94.3%
2005Chris Carpenter
93.9%
2019Yadier Molina
93.7%
2014Yadier Molina
93.3%
2011Chris Carpenter
93.3%
2013Matt Carpenter
93.3%
2013Yadier Molina
93.3%
2014Matt Carpenter
93.3%
2018Yadier Molina
93.2%
2012Yadier Molina
93.2%
2011Yadier Molina
93.2%
2019Matt Carpenter
93.1%
2015Matt Carpenter
92.9%
2018Matt Carpenter
92.9%
2016Yadier Molina
92.8%
2017Yadier Molina
92.5%
2016Matt Carpenter
92.4%
2015Jadier Molina
92.3%
2017Matt Carpenter
92.1%
2007Chris Carpenter
91.8%
2001Albert Pujols
90%
2014Adam Wainwright
88.9%
2007Yadier Molina
88.6%
2008Yadier Molina
88.6%
2013Adam Wainwright
88.5%
2015Adam Wainwright
88.5%
2016Adam Wainwright
87.7%
2009Albert Pujols
86.8%
2005Yadier Molina
86.1%
2006Yadier Molina
86.1%
2006Chris Carpenter
86%
2003Jim Edmonds
85.6%
2010Albert Pujols
85.2%
2013Matt Holliday
85.2%
2012Matt Holliday
85%
2011Matt Holliday
85%
2014Matt Holliday
85%
2005Jim Edmonds
84.5%
2007Jim Edmonds
84.5%
1991Ozzie Smith
84.4%
1992Ozzie Smith
84.4%
1993Ozzie Smith
84.4%
2002Jim Edmonds
84.1%
2015Matt Holliday
84%
2000Jim Edmonds
83.7%
2001Jim Edmonds
83.7%
2004Jim Edmonds
83.7%
2009Yadier Molina
83.6%
2018Carlos Martinez
83.5%
2018Jose Martinez
83.4%
2004Scott Rolen
83.1%
2005Scott Rolen
83.1%
2003Scott Rolen
82.7%
2010Chris Carpenter
82.7%
2017Carlos Martinez
82%
2010Yadier Molina
81.9%
2001Mark McGwire
81.7%
2016Matt Holliday
81.6%
2006Jim Edmonds
80.6%
1999Mark McGwire
79.8%
2019Kolten Wong
79.5%
2006Scott Rolen
78.5%
1994Ozzie Smith
78.3%
1995Ozzie Smith
78.3%
2007Scott Rolen
77.5%
2019Paul Goldschmidt
76.9%
2018Kolten Wong
76.8%
1991Bryn Smith
76.6%
2019Dexter Fowler
76.4%
2009Adam Wainwright
76.1%
1998Mark McGwire
76.1%
2016Kolten Wong
75.6%
2015Kolten Wong
75.3%
2018Dexter Fowler
74.7%
2014Matt Adams
74%
2015Matt Adams
73.8%
2019Marcell Ozuna
73.7%
2017Dexter Fowler
73.6%
2014Kolten Wong
73.3%
2019Paul DeJong
72.9%
Year Player % Correct
2010Matt Holliday
72.7%
2012David Freese
71.4%
2011David Freese
71.4%
2005David Eckstein
71.3%
2001Edgar Renteria
69.4%
2002Edgar Renteria
69.4%
2015Jhonny Peralta
69.1%
2007David Eckstein
69%
2006David Eckstein
68.7%
2013Jon Jay
68.3%
2012Jon Jay
67.9%
2018Marcell Ozuna
67.9%
2014Jhonny Peralta
67.6%
2012Carlos Beltran
67.1%
2003Edgar Renteria
67%
2013Carlos Beltran
66.9%
1999Edgar Renteria
66.5%
2000Edgar Renteria
66%
2003Mike Matheny
65.3%
2004Edgar Renteria
65.3%
2018Paul DeJong
65.2%
2015John Jay
65.1%
2017Jhonny Peralta
64.5%
2019Harrison Bader
63.8%
2012Rafael Furcal
62.9%
2012Lance Berkman
62.3%
2011Lance Berkman
62.3%
2013Allen Craig
62.1%
2003Matt Morris
62%
2004Matt Morris
62%
1996Ray Lankford
62%
2016Stephen Piscotty
61.9%
2017Stephen Piscotty
61.3%
2015Jason Heyward
61.1%
2014Allen Craig
60.2%
2017Aledmys Diaz
60%
2016Randal Grichuk
59.7%
2019Miles Mikolas
59.6%
2018Tommy Pham
59.2%
2004Mike Matheny
59%
1992Ray Lankford
58.5%
2017Randal Grichuk
58.5%
1994Ray Lankford
58%
1995Ray Lankford
58%
2001Mike Matheny
57.8%
2000Mike Matheny
57.4%
2000Ray Lankford
57.3%
2002Matt Morris
57.1%
2010David Freese
57%
1998Ray Lankford
56.5%
2004Ray Lankford
56.4%
1993Ray Lankford
55.3%
1997Willie McGee
54.6%
2017Jedd Gyorko
54.6%
2002Tino Martinez
53.7%
2003Fernando Vina
53.1%
2004Reggie Sanders
53.1%
2016Thomas Pham
53.1%
2016Jedd Gyorko
53%
2003Tino Martinez
52%
2008Rick Ankiel
50.7%
2005Larry Walker
50.6%
2000Fernando Vina
49.8%
2001Fernando Vina
49.8%
2012Kyle Lohse
49.3%
1996Willie McGee
48.9%
2002J.D. Drew
48.7%
2008Skip Schumaker
48.7%
1998Brian Jordan
48.6%
2002Fernando Vina
48.2%
2000Darryl Kile
46.3%
2001Darryl Kile
46.3%
2005Reggie Sanders
46.3%
2013Pete Kozma
46.2%
2010Colby Rasmus
45.9%
2011Skip Schumaker
45.4%
2008Troy Glaus
45.3%
1996Ron Gant
45.2%
2010Skip Schumaker
45%
1999J.D. Drew
45%
2008Adam Kennedy
44.6%
2000Fernando Tatis
44.2%
2011Colby Rasmus
44%
2009Rick Ankiel
44%
1995Brian Jordan
43.8%
2001Placido Polanco
43.6%
2009Ryan Ludwick
43.5%
Year Player % Correct
2012Daniel Descalso
43.2%
1997Ron Gant
43.2%
1997Brian Jordan
43.1%
2013Daniel Descalso
43.1%
2014Peter Bourjos
42.8%
2010Ryan Ludwick
42.8%
2001J.D. Drew
42.1%
2007Preston Wilson
42%
1998Ron Gant
41.9%
1999Eric Davis
41.7%
1991Tom Pagnozzi
41.2%
2010Brendan Ryan
41.2%
2008Chris Duncan
40.9%
1993Tom Pagnozzi
40.8%
2006So Taguchi
40.8%
1995Tom Pagnozzi
40.7%
2008Kyle Lohse
40.6%
1992Tom Pagnozzi
40.4%
2009Brendan Ryan
40.1%
2009Khalil Greene
39.7%
2002Placido Polanco
39.5%
1998Royce Clayton
39.2%
1997Royce Clayton
39%
1994Todd Zeile
38.4%
1999Placido Polanco
38.3%
2011Ryan Theriot
37.7%
2000Eric Davis
37.5%
1996Royce Clayton
37.5%
1991Todd Zeile
37.4%
1999Fernando Tatis
37%
2009Chris Duncan
36.9%
2007Adam Kennedy
36.8%
1993Todd Zeile
36.8%
2006Juan Encarnacion
36.6%
1992Todd Zeile
36.6%
2004Tony Womack
36.6%
2005Mark Grudzielanek
35.8%
2008Cesar Izturis
35.5%
1993Bernard Gilkey
35.4%
1996Gary Gaetti
35%
2007So Taguchi
34.7%
1998Gary Gaetti
34.5%
1995Bernard Gilkey
34.4%
1994Bernard Gilkey
34.3%
1991Bernard Gilkey
34.1%
1991Pedro Guerrero
33.7%
1997Gary Gaetti
33.1%
1997Delino DeShields
32.3%
1998Delino DeShields
32.3%
1996John Mabry
31.8%
1993Geronimo Pena
31.7%
1993Gregg Jefferies
31.2%
1994Gregg Jefferies
31.2%
1992Pedro Guerrero
31.1%
1995John Mabry
30.6%
1991Jose Oquendo
30.4%
1993Mark Whiten
29.9%
1997John Mabry
29.9%
1996Andy Benes
29.8%
2006Aaron Miles
29.3%
1994Mark Whiten
29%
1992Jose Oquendo
28.6%
1999Eli Marrero
28.6%
2003Eli Marrero
28.5%
1994Bob Tewksbury
28%
1993Bob Tewksbury
27.6%
1999Shawon Dunston
27%
1995Ken Hill
26.6%
1992Andres Galarraga
25.9%
1998Todd Stottlemyre
25.9%
2000Craig Paquette
24%
1997Todd Stottlemyre
23.5%
1992Milt Thompson
23%
1995Manuel Lee
22.8%
1999Donovan Osborne
22.5%
1996Luis Alicea
22.3%
1994Luis Alicea
22.1%
1998Tom Lampkin
21.2%
1995Scott Cooper
20.9%
1991Felix Jose
20.9%
1997Tom Lampkin
20.7%
2002Mike Difelice
19.8%
2009Brian Barden
19.5%
1991Rex Hudler
18.5%
1992Jose DeLeon
17.4%
1996Pat Borders
16.1%
1994Erik Pappas
13.9%

You're not logged in!

Compare scores with friends on all Sporcle quizzes.
OR
Log In

Sporcle TV

Today on Sporcle TV


Watch our educational content, quiz creation guides, and fun videos on Sporcle TV.

Show Comments

Extras

Top Quizzes Today


Score Distribution

Your Account Isn't Verified!

In order to create a playlist on Sporcle, you need to verify the email address you used during registration. Go to your Sporcle Settings to finish the process.

Report this User

Report this user for behavior that violates our Community Guidelines.

Details: